[Event "Kuala Lumpur Interzonal (Women)"]
[Site "Kuala Lumpur"]
[Date "1990.??.??"]
[Round "2"]
[White "Dahl, Ingrid"]
[Black "Wagner Michel, Annett"]
[Result "0-1"]
[WhiteElo "2100"]
[BlackElo "2260"]

1.e4 c5 2.Nf3 Nc6 3.Bb5 g6 4.O-O Bg7 5.c3 Nf6 6.Re1 O-O 7.d4 cxd4 8.cxd4 d5
9.e5 Ne4 10.Ng5 Nxg5 11.Bxg5 f6 12.exf6 exf6 13.Be3 Ne7 14.Ba4 Bf5 15.Nc3 g5
16.f3 Bg6 17.Bf2 Bf7 18.Qe2 Nf5 19.Bb3 a6 20.Qd3 Ne7 21.Re2 Ng6 22.Bg3 Qd7
23.Na4 Rae8 24.Rae1 Rxe2 25.Rxe2 f5 26.Qd2 f4 27.Bf2 Qc6 28.Qc3 Qb5 29.Re1 Re8
30.Rxe8+ Qxe8 31.Qc5 Ne7 32.Nb6 Qd8 33.a4 Bf8 34.a5 Nc6 35.Qc3 Bb4 36.Qd3 Nxa5
37.Na4 Nxb3 38.Qxb3 Bf8 39.Nc3 b5 40.Qa2 Qd6 41.Qa5 Bg7 42.Na2 Bf8 43.Be1 Qe6
44.Bc3 Qe3+ 45.Kh1 g4 46.fxg4 f3 47.gxf3 Qf2  0-1

[Event "Kuala Lumpur Interzonal (Women)"]
[Site "Kuala Lumpur"]
[Date "1990.??.??"]
[Round "6"]
[White "Wagner Michel, Annett"]
[Black "Makropoulou, Marina"]
[Result "1-0"]
[WhiteElo "2260"]
[BlackElo "2230"]

1.e4 c5 2.Nf3 Nc6 3.Bb5 g6 4.O-O Bg7 5.c3 a6 6.Bxc6 dxc6 7.d3 Nf6 8.h3 O-O
9.Qe2 Qc7 10.a4 a5 11.Na3 e5 12.Bg5 Re8 13.Nc4 Nd7 14.Nh2 Nf8 15.Be3 Ne6
16.g3 b5 17.Nd2 Nd4 18.cxd4 cxd4 19.Bg5 h6 20.Bh4 g5 21.Bxg5 hxg5 22.Qh5 Re6
23.Ng4 Rg6 24.Nf3 Qe7 25.Rfc1 b4 26.b3 c5 27.Ra2 Raa6 28.Re2 Rac6 29.Kg2 Ba6
30.Rd2 Bc8 31.Re2 Bd7 32.Rh1 Bc8 33.Ree1 Kf8 34.h4 Qe6 35.Nfh2 Qxb3 36.hxg5 Qe6
37.Rhf1 Qa2 38.Kg1 Qd2 39.f4 c4 40.dxc4 Rxc4 41.Nf3 Bxg4 42.Nxd2 Bxh5 43.Nxc4 exf4
44.gxf4 d3 45.e5 Rc6 46.Re4 Be2 47.Ra1 Rc5 48.Kf2 Ke7 49.f5 Kd7 50.f6 Bf8
51.g6 fxg6 52.e6+ Kc7 53.Ne3 Bd6 54.e7 Rg5 55.e8=N+  1-0

[Event "RSFSR-ch"]
[Site "Kuibishev"]
[Date "1990.??.??"]
[Round "?"]
[White "Shabanov, Yuri"]
[Black "Sherbakov, Ruslan"]
[Result "1/2-1/2"]
[WhiteElo "2375"]
[BlackElo "2425"]

1.e4 c5 2.Nf3 Nc6 3.Bb5 e6 4.O-O Nge7 5.Nc3 Nd4 6.Re1 Ng6 7.Bf1 Nxf3+ 8.Qxf3 b6
9.Qe3 f6 10.d4 cxd4 11.Qxd4 Bc5 12.Qd3 Ne5 13.Qg3 O-O 14.Be3 Bb4 15.Bd2 Qe7
16.Rad1 Bc5 17.Be3 Bb4 18.Bd2 Bc5 19.Be3 Bb4  1/2-1/2

[Event "Kuopio op"]
[Site "Kuopio"]
[Date "1990.??.??"]
[Round "?"]
[White "Vetemaa, Juri"]
[Black "Karner, Hillar"]
[Result "0-1"]
[WhiteElo "2385"]
[BlackElo "2360"]

1.e4 c5 2.Nf3 Nc6 3.Bb5 d6 4.O-O Bd7 5.d3 e6 6.Nbd2 a6 7.Bxc6 Bxc6 8.a4 Be7
9.a5 Nf6 10.Nc4 O-O 11.Nb6 Rb8 12.Bf4 Nd7 13.Nc4 Qc7 14.Bg3 Rbd8 15.Re1 Bb5
16.b3 Bxc4 17.bxc4 Nb8 18.Qd2 Nc6 19.Reb1 Rd7 20.Ra3 Bd8 21.Rba1 Re8 22.Ra4 Qc8
23.R1a2 h6 24.Ra1 d5 25.Qe3 dxe4 26.Qxe4 f5 27.Qe3 e5 28.Nxe5 f4 29.Bxf4 Rde7
30.Qc1 Rxe5 31.Bxe5 Rxe5 32.Qa3 Qe6 33.Qc3 Bf6 34.Rf1 Re2 35.Qb3 Bd4 36.Qxb7 Rxf2
37.Raa1 Rf7+  0-1

[Event "Kusadasi op"]
[Site "Kusadasi"]
[Date "1990.??.??"]
[Round "8"]
[White "Ivkov, Borislav"]
[Black "Veinger, Itzchak"]
[Result "1/2-1/2"]
[WhiteElo "2480"]
[BlackElo "2410"]

1.Nf3 c5 2.e4 Nc6 3.Bb5 g6 4.O-O Bg7 5.Re1 Nf6 6.e5 Nd5 7.Nc3 Nc7 8.Bxc6 dxc6
9.h3 O-O 10.d3 Ne6 11.Ne4 Qc7 12.Neg5 b6 13.Qe2 Nxg5 14.Bxg5 h6 15.Bf4 Kh7
16.a4 Be6 17.b3 Rad8 18.Qe3 Qc8 19.a5 Bd5 20.Nd2 g5 21.Bh2 f5 22.f4 Rg8 23.axb6 axb6
24.Re2 Bf8 25.Bg3 Qb7 26.Kh2 Be6 27.Nf3 g4 28.Nd2 h5 29.Bh4 Bh6 30.Nf1 Ra8
31.Ree1 Qd7 32.Ng3 Kg6 33.Ne2 Kf7 34.Ng3 Qd4 35.Qxd4 cxd4 36.Ne2 gxh3 37.g3 c5
38.Ng1 Bd5 39.Nxh3 Rxa1 40.Rxa1 Ra8 41.Rxa8 Bxa8 42.Bg5 Bf8 43.Ng1 b5 44.Kh3 b4  1/2-1/2

[Event "Leningrad it"]
[Site "Leningrad"]
[Date "1990.??.??"]
[Round "?"]
[White "Sobolewski, Piotr"]
[Black "Mukhim, G."]
[Result "0-1"]
[WhiteElo "2305"]
[BlackElo "2425"]

1.e4 c5 2.Nf3 Nc6 3.Bb5 e6 4.b3 Nge7 5.Bb2 Ng6 6.O-O f6 7.Re1 Be7 8.c3 O-O
9.d4 Qb6 10.Bf1 d5 11.exd5 exd5 12.c4 dxc4 13.d5 Nce5 14.Nxe5 Nxe5 15.Bxe5 fxe5
16.bxc4 Qg6 17.Nc3 Bf5 18.Qe2 Rf7 19.Ne4 Raf8 20.f3 Bc8 21.Red1 Bd6 22.Rd3 Bf5
23.Re1 Be7 24.Ra3 Bh4 25.g3 b6 26.Bg2 Bd8 27.Qb2 h5 28.Qxe5 Re7 29.Qb2 Bc7
30.Qd2 Bxe4 31.Rxe4 Rxe4 32.fxe4 Be5 33.Rf3 Rxf3 34.Bxf3 h4 35.g4 Qf6 36.Kg2 h3+
37.Kf2 Bf4 38.e5 Qh4+  0-1

[Event "Leningrad it"]
[Site "Leningrad"]
[Date "1990.??.??"]
[Round "?"]
[White "Sobolewski, Piotr"]
[Black "Karasev, Vladimir I"]
[Result "1-0"]
[WhiteElo "2305"]
[BlackElo "2375"]

1.e4 c5 2.Nf3 Nc6 3.Bb5 e6 4.Bxc6 bxc6 5.c4 d6 6.d4 cxd4 7.Qxd4 c5 8.Qd3 Ne7
9.b3 Nc6 10.Bb2 e5 11.O-O Be7 12.Nc3 O-O 13.Nd5 Re8 14.Nxe7+ Rxe7 15.Rad1 Bg4
16.h3 Bxf3 17.Qxf3 a5 18.Qd3 Nd4 19.Bxd4 exd4 20.a3 Rb8 21.Rb1 Qe8 22.Qd2 Reb7
23.Qxa5 Rxb3 24.Rxb3 Rxb3 25.e5 dxe5 26.Qxc5 d3 27.Qd6 e4 28.Re1 h6 29.Kh2 f5
30.c5 Qb8 31.Qxb8+ Rxb8 32.g4 g6 33.gxf5 gxf5 34.Kg3 Rb2 35.Ra1 Kf7 36.a4 Ke6
37.a5 d2 38.a6 Rb3+ 39.Kg2 Ra3 40.Rxa3 d1=Q 41.a7  1-0

[Event "Leningrad it"]
[Site "Leningrad"]
[Date "1990.??.??"]
[Round "?"]
[White "Minasian, Artashes"]
[Black "Schmidt, Stefan"]
[Result "1-0"]
[WhiteElo "2495"]
[BlackElo "2285"]

1.e4 c5 2.Nf3 Nc6 3.Bb5 Nf6 4.Nc3 Nd4 5.e5 Nxb5 6.Nxb5 Nd5 7.Ng5 f5 8.O-O e6
9.d4 Qb6 10.c4 cxd4 11.Qa4 a6 12.Nxe6 Qxe6 13.cxd5 Qxe5 14.Bg5 Qb8 15.Qc2 g6
16.Nc7+ Kf7 17.d6  1-0

[Event "Leon"]
[Site "Leon"]
[Date "1990.??.??"]
[Round "3"]
[White "Sanz Alonso, Francisco Javier"]
[Black "Ochoa de Echaguen, F Javier"]
[Result "1/2-1/2"]
[WhiteElo "2450"]
[BlackElo "2400"]

1.e4 c5 2.Nf3 Nc6 3.Bb5 g6 4.O-O Bg7 5.c3 Nf6 6.Re1 a6 7.Bf1 O-O 8.d4 cxd4
9.cxd4 d5 10.e5 Ne4 11.Nc3 Bg4 12.Nxe4 dxe4 13.Rxe4 Nxe5 14.Bg5 Nxf3+ 15.gxf3 Be6
16.Qd2 Re8 17.Rae1 Bxa2 18.Bxe7 Qd7 19.Bc5 Bd5 20.Rxe8+ Rxe8 21.Rxe8+ Qxe8
22.Qf4 h5 23.Bd3 Qe1+ 24.Kg2 Qd1 25.Qe3 Kh7 26.Be2 Qb3 27.Qxb3 Bxb3 28.f4 Be6
29.Bf3 Bc8 30.f5 Bf6 31.Bd5 Kg7 32.fxg6 fxg6 33.Kf3 Bd8 34.Bd6 Kf6 35.Ke3 Ba5
36.Be5+ Kg5 37.Be4 Bd8 38.f4+ Kh6 39.d5 Bb6+ 40.Bd4 Bc7 41.Bf6 Bd6 42.h4 Bf5
43.Be5 Bc5+ 44.Kf3 Bg4+ 45.Kg3 Bb4 46.Bf6  1/2-1/2

[Event "Leon"]
[Site "Leon"]
[Date "1990.??.??"]
[Round "8"]
[White "Magem Badals, Jorge"]
[Black "Franco Ocampo, Zenon"]
[Result "1-0"]
[WhiteElo "2460"]
[BlackElo "2475"]

1.e4 c5 2.Nf3 Nc6 3.Bb5 Qb6 4.Nc3 e6 5.Bxc6 Qxc6 6.d4 Nf6 7.d5 exd5 8.exd5 Qa6
9.Bg5 Be7 10.d6 Qxd6 11.Qxd6 Bxd6 12.Bxf6 gxf6 13.O-O-O Be7 14.Nd5 Bd8 15.Nd2 a5
16.Rhe1+ Kf8 17.Ne4 Ra6 18.Ne3 Be7 19.Nf5 Re6 20.Nxe7 Rxe7 21.Nd6 Rxe1 22.Rxe1 Kg7
23.Re8  1-0

[Event "Linz op"]
[Site "Linz"]
[Date "1990.??.??"]
[Round "3"]
[White "Kuczynski, Robert"]
[Black "Borek, Jutta"]
[Result "1-0"]
[WhiteElo "2460"]
[BlackElo "2060"]

1.e4 c5 2.Nf3 Nc6 3.Bb5 d6 4.O-O Bd7 5.Re1 Nf6 6.h3 Ne5 7.Bf1 Nxf3+ 8.Qxf3 Bc6
9.c3 e5 10.d3 Be7 11.Na3 O-O 12.Nc4 Ne8 13.Ne3 Bg5 14.d4 cxd4 15.cxd4 exd4
16.Nf5 Bf6 17.Qd3 Qb6 18.Rd1 d5 19.exd5 Bxd5 20.Nxd4 Rc8 21.Nb3 Bc4 22.Qe3 Qxe3
23.Bxe3 Bxf1 24.Kxf1 Bxb2 25.Rab1 Ba3 26.Bxa7 Nd6 27.Na5 b5  1-0

[Event "Lombardia op"]
[Site "Lombardia"]
[Date "1990.??.??"]
[Round "?"]
[White "Borgo, Giulio"]
[Black "Mantovani, Renzo"]
[Result "1-0"]
[WhiteElo "2330"]
[BlackElo "2365"]

1.e4 c5 2.Nf3 Nc6 3.Bb5 g6 4.O-O Bg7 5.c3 a6 6.Ba4 b5 7.Bb3 d6 8.a4 Rb8 9.d4 Bd7
10.Be3 cxd4 11.cxd4 Nf6 12.axb5 axb5 13.d5 Na5 14.Bc2 O-O 15.Bd4 e5 16.dxe6 Bxe6
17.e5 dxe5 18.Bxe5 Ra8 19.Nd4 Bd7 20.Nb3 Nxb3 21.Rxa8 Qxa8 22.Bxb3 Bc6 23.f3 Rd8
24.Qc2 Bd5 25.Nc3 Qa7+ 26.Kh1 Bxb3 27.Qxb3 Qe3 28.Qxb5 h5 29.h3 Rd2 30.Bxf6 Bxf6
31.Ne4 Kg7 32.Nxd2 Qxd2 33.b3 Qf4 34.Qc4 Qg3 35.f4 h4 36.Qd5 Qe3 37.Qf3 Qe7
38.Qd3 Qb4 39.Qc4 Qd2 40.b4 Qe3 41.b5 Bd4 42.Rd1 Bb6 43.Qc6 Qf2 44.Qd6 f6
45.Qe7+ Kh6 46.Qf8+  1-0

[Event "Lyngby op"]
[Site "Lyngby"]
[Date "1990.??.??"]
[Round "2"]
[White "Fries Nielsen, Jens Ove"]
[Black "Groenn, Atle"]
[Result "1/2-1/2"]
[WhiteElo "2400"]
[BlackElo "2205"]

1.e4 c5 2.Nf3 Nc6 3.Bb5 g6 4.O-O Bg7 5.c3 Nf6 6.Re1 O-O 7.d3 d6 8.h3 e5 9.Nbd2 Qc7
10.Nf1 a6 11.Ba4 b5 12.Bb3 Na5 13.Bc2 d5 14.Bg5 Bb7 15.Bxf6 Bxf6 16.exd5 Bxd5
17.Ne3 Bxf3 18.Qxf3 Bg7 19.a3 Rad8 20.b4 Nb7 21.Nd5 Qd6 22.Bb3 Kh8 23.Rad1 Rd7
24.c4 Nd8 25.cxb5 axb5 26.Nc3 Qb6 27.Qe3 Nb7 28.Ne4 Rd4 29.Rc1 Qd8 30.Red1 cxb4
31.Ng5 Qe7 32.Nxf7+ Rxf7 33.Bxf7 Qxf7 34.Rc8+ Rd8 35.Rxd8+ Nxd8 36.axb4 Ne6
37.Ra1 h6 38.Ra7 Qf6 39.Ra6 Qf5 40.Ra8+ Kh7 41.Qb6 e4 42.dxe4 Qxe4 43.Re8 Qb1+
44.Kh2 Nd4 45.Qc5 Qa2 46.Kg1 Qb1+ 47.Kh2 Qf5 48.Kg1 Qb1+ 49.Kh2 Qa2 50.Kg1 Qb1+  1/2-1/2

[Event "FRG-ch qual"]
[Site "Mengen"]
[Date "1990.??.??"]
[Round "5"]
[White "Holzhaeuer, Mathias"]
[Black "Roeder, Frank"]
[Result "1/2-1/2"]
[WhiteElo "2315"]
[BlackElo "2340"]

1.e4 c5 2.Nf3 Nc6 3.Bb5 g6 4.O-O Bg7 5.Re1 e5 6.b4 cxb4 7.a3 b3 8.cxb3 Nge7
9.Nc3 O-O 10.Bb2 a6 11.Bc4 b5 12.Bd5 Bb7  1/2-1/2

[Event "Metz op"]
[Site "Metz"]
[Date "1990.??.??"]
[Round "6"]
[White "Carlier, Bruno"]
[Black "Ivanovic, Bozidar"]
[Result "0-1"]
[WhiteElo "2385"]
[BlackElo "2520"]

1.e4 c5 2.Nf3 Nc6 3.Bb5 g6 4.O-O Bg7 5.c3 Nf6 6.Re1 O-O 7.d4 cxd4 8.cxd4 a6
9.Bf1 d5 10.e5 Ne4 11.Nc3 Bg4 12.Be3 Rc8 13.h3 Bf5 14.Nh4 Nxc3 15.bxc3 Be6
16.Qd2 f6 17.exf6 exf6 18.Bh6 Qd7 19.Bxg7 Kxg7 20.f4 Rfe8 21.Bd3 Bf7 22.Nf3 Rxe1+
23.Rxe1 Re8 24.Rxe8 Qxe8 25.Kf2 Qe7 26.g4 b5 27.h4 Be6 28.f5 gxf5 29.gxf5 Bf7
30.Nh2 Bh5 31.Nf1 Qc7 32.Ng3 Bf7 33.Be2 Na5 34.Kg2 Nc4 35.Bxc4 dxc4 36.Kh3 b4
37.d5 Qe5 38.cxb4 c3 39.Qe2 Qxd5 40.Qe7 Qd1 41.Ne4 Qf3+ 42.Ng3 c2  0-1

[Event "Metz op"]
[Site "Metz"]
[Date "1990.??.??"]
[Round "8"]
[White "Carlier, Bruno"]
[Black "Pytel, Krzysztof"]
[Result "1/2-1/2"]
[WhiteElo "2385"]
[BlackElo "2400"]

1.e4 c5 2.Nf3 Nc6 3.Bb5 g6 4.O-O Bg7 5.c3 Nf6 6.Re1 a6 7.Bxc6 dxc6 8.h3 O-O
9.d4 cxd4 10.cxd4 c5 11.Nc3 cxd4 12.Nxd4 e5 13.Nc2 Be6 14.Bg5 h6 15.Bh4 Qxd1
16.Raxd1 Rfd8 17.f3 Rac8 18.Ne3 Rd4 19.Bg3 Nd7 20.Ned5 Bf8 21.Bf2 Rxd1 22.Rxd1 f6
23.Kf1 Kf7 24.Ke2 b5 25.a3 Nc5 26.b4 Nd7 27.Kd3 f5 28.a4 Nf6 29.axb5 axb5
30.Ra1 Nxd5 31.exd5 Bxd5 32.Ra7+ Ke6 33.Nxd5 Kxd5 34.Rd7+ Kc6 35.Rf7 Bxb4
36.Rf6+ Kd5 37.Rxg6 Rc3+ 38.Ke2 Rc2+ 39.Kf1 Rc6 40.Rxc6 Kxc6 41.g4 Bc5 42.Bh4 f4
43.Ke2 Kd5 44.Kd3 b4 45.Bf6 Bf8 46.h4 Ke6 47.Bh8 b3 48.h5 b2 49.Kc2 e4 50.Bxb2 exf3
51.Kd3 Kd5 52.Bd4 Be7 53.Bf2 Bf6 54.Ba7 Bh4 55.Bb6 Bg3 56.Bd8 f2 57.Ke2 Ke6
58.Bb6 Kf6 59.Bxf2 Kg5 60.Bxg3 fxg3 61.Kf3 Kh4 62.g5 Kxh5 63.g6 Kxg6 64.Kxg3  1/2-1/2

[Event "URS-ch U26"]
[Site "Minsk"]
[Date "1990.??.??"]
[Round "?"]
[White "Orlov, Georgi"]
[Black "Minasian, Artashes"]
[Result "0-1"]
[WhiteElo "2505"]
[BlackElo "2480"]

1.e4 c5 2.Nf3 Nc6 3.Bb5 g6 4.Bxc6 dxc6 5.h3 Bg7 6.O-O Nf6 7.d3 O-O 8.Nbd2 Ne8
9.a4 a5 10.Nc4 Be6 11.Be3 Bxc4 12.dxc4 Nd6 13.Qd3 Qb6 14.e5 Nf5 15.b3 Rad8
16.Qe4 f6 17.Rad1 fxe5 18.Rxd8 Rxd8 19.Nxe5 Qc7 20.Nd3 b6 21.Qe6+ Kf8 22.Bg5 Qd6
23.Qe4 Bf6 24.Bf4 Qd7 25.Ne5 Qd4 26.Re1 Qxe4 27.Rxe4 g5 28.Bg3 Nxg3 29.fxg3 Rd1+
30.Kh2 Rd2 31.Nxc6 Rxc2 32.Re3 Rd2 33.Na7 Bd4 34.Rf3+ Ke8 35.Nc8 e5 36.Nd6+ Ke7
37.Ne4 Rd1 38.g4 h6 39.g3 Re1 40.Nf6 e4 41.Nd5+ Ke8 42.Rf5 e3 43.Kg2 Rg1+
44.Kf3 Rb1 45.Ke2 Rb2+ 46.Ke1 Rxb3 47.h4 Ra3 48.hxg5 hxg5 49.Rxg5 Rxa4 50.Rg6 Ra1+
51.Ke2 Ra2+ 52.Ke1 a4 53.Rxb6 a3 54.Ra6 Ra1+ 55.Ke2 a2  0-1

[Event "URS-ch U26"]
[Site "Minsk"]
[Date "1990.??.??"]
[Round "?"]
[White "Magomedov, Magaram"]
[Black "Sorokin, Maxim"]
[Result "0-1"]
[WhiteElo "2360"]
[BlackElo "2455"]

1.e4 c5 2.Nf3 Nc6 3.Bb5 e6 4.b3 Nge7 5.Bb2 a6 6.Bxc6 Nxc6 7.O-O b5 8.d4 cxd4
9.Nxd4 Qf6 10.Bc3 b4 11.Nxc6 bxc3 12.Nd4 Bb7 13.Nxc3 Bc5 14.Nde2 Rc8 15.Qd3 Qe5
16.Rad1 Rc7 17.Ng3 h5 18.Na4 h4 19.Nxc5 Qxc5 20.Ne2 Qxc2 21.Qd6 Qxe4 22.Nf4 Qc6
23.Qa3 Qc5 24.Qb2 Qc3 25.Qe2 Rc5 26.Rd3 Qf6 27.Qd2 Bc6 28.Ne2 Qg5 29.Nf4 Bb5
30.Rd1 Bxd3 31.Qxd3 O-O 32.g3 Rfc8 33.Qxa6 d5 34.b4 Rc1 35.Kg2 Qf5 36.Rxc1 Rxc1
37.Qa8+ Kh7 38.Qd8 g5 39.Nh3 Qe4+ 40.f3 Qe2+ 41.Nf2  0-1

[Event "URS-ch U26"]
[Site "Minsk"]
[Date "1990.??.??"]
[Round "?"]
[White "Magomedov, Magaram"]
[Black "Minasian, Artashes"]
[Result "1/2-1/2"]
[WhiteElo "2360"]
[BlackElo "2480"]

1.e4 c5 2.Nf3 Nc6 3.Bb5 Nf6 4.Bxc6 dxc6 5.d3 Bg4 6.h3 Bxf3 7.Qxf3 e5 8.Nd2 Nd7
9.Nc4 b5 10.Ne3 g6 11.Qg3 Bd6 12.Bd2 Nf8 13.Bc3 f6 14.h4 h5 15.a4 a6 16.Qf3 Kf7
17.g4 Ne6 18.gxh5 Rxh5 19.Nf5 b4 20.Bd2 Nd4 21.Nxd4 cxd4 22.b3 Qe7 23.O-O-O Rah8
24.Qg3 g5 25.Qf3 gxh4 26.Rdg1 Qe6 27.Rh3 Bf8 28.Kb1 a5 29.Rg4 Ke7 30.Rg6 Kf7
31.Rg4 Ke7 32.Qg2 Bh6 33.f4 Bxf4 34.Bxf4 exf4 35.Rxf4 Rg8 36.Qf3 Qe5 37.Rfxh4 Rg1+
38.Ka2 Qc5 39.Qf2 Rc1 40.Kb2 Rxh4 41.Rxh4 Rd1 42.Rh7+ Ke8 43.Ka2 Qc3 44.Rh8+  1/2-1/2

[Event "Miskolc"]
[Site "Miskolc"]
[Date "1990.??.??"]
[Round "4"]
[White "Fette, Martin"]
[Black "Zakic, Srdjan"]
[Result "1/2-1/2"]
[WhiteElo "2370"]
[BlackElo "2425"]

1.e4 c5 2.Nf3 Nc6 3.Bb5 Nf6 4.Nc3 g6 5.e5 Ng4 6.Bxc6 dxc6 7.h3 Nh6 8.Ne4 b6
9.Qe2 Nf5 10.d3 Bg7 11.Nf6+ exf6 12.exf6+ Kf8 13.fxg7+ Kxg7 14.O-O Re8 15.Be3 a5
16.Qd2 Ra7 17.Rae1  1/2-1/2

[Event "Moscow1"]
[Site "Moscow"]
[Date "1990.??.??"]
[Round "?"]
[White "Maljutin, Evgeni"]
[Black "Tsarev, V."]
[Result "1/2-1/2"]
[WhiteElo "2340"]
[BlackElo "2325"]

1.e4 c5 2.Nf3 Nc6 3.Bb5 g6 4.Bxc6 dxc6 5.h3 Bg7 6.O-O e5 7.d3 Qe7 8.Nbd2 Nh6
9.Nc4 f6 10.a4 Be6 11.Be3 Bxc4 12.dxc4 O-O 13.Qe2 Rfd8 14.Rfd1  1/2-1/2

[Event "Moscow2"]
[Site "Moscow"]
[Date "1990.??.??"]
[Round "?"]
[White "Blasek, Ralph"]
[Black "Kiselev, Sergey"]
[Result "0-1"]
[WhiteElo "2295"]
[BlackElo "2450"]

1.e4 c5 2.Nf3 Nc6 3.Bb5 Na5 4.O-O a6 5.Be2 e6 6.d4 cxd4 7.Nxd4 Qc7 8.Nc3 Nf6
9.Bg5 b5 10.Bf3 Bb7 11.Re1 Bd6 12.g3 Be5 13.Bg2 h6 14.Bxf6 Bxf6 15.f4 d6
16.e5 dxe5 17.Bxb7 Qxb7 18.fxe5 Be7 19.Nxe6 fxe6 20.Qh5+ Kd8 21.Rad1+ Kc8
22.Ne4 Kb8 23.Qg6 Ka7 24.Kg2 Rhd8 25.Kh3 Nc4 26.Qxg7 Bb4 27.Qxb7+ Kxb7 28.c3 Be7
29.Rxd8 Rxd8 30.Kg4 Nxb2 31.Kh5 Nd3 32.Re2 Nxe5 33.Kxh6 Rh8+ 34.Kg7 Rh3 35.Nd2 Ng4
36.Kf7 Bc5 37.Nf3 e5 38.Ke6 e4 39.Rxe4 Nxh2 40.Ne5 Rxg3 41.Rh4 Nf3 42.Rh7+ Kb6
43.Nd7+ Ka5 44.Kd5 Ba7 45.Nf6 Bb6 46.Ne4 Rg1 47.Rh6 Rd1+ 48.Kc6 Ne5+ 49.Kb7 Rd7+
50.Kb8 Nc4 51.Rc6 Re7 52.Nf6 Re5 53.Rc8 Bc5 54.Rc6 Be7 55.Nd7 Rd5  0-1

[Event "Moscow (Women)"]
[Site "Moscow"]
[Date "1990.??.??"]
[Round "?"]
[White "Makarycheva Ostrovskaya, M."]
[Black "Prudnikova, Svetlana"]
[Result "0-1"]
[WhiteElo "2150"]
[BlackElo "2265"]

1.e4 c5 2.Nf3 Nc6 3.Bb5 g6 4.Bxc6 dxc6 5.d3 Bg7 6.Nc3 Nf6 7.Be3 b6 8.h3 O-O
9.Qd2 Nd7 10.Bh6 e5 11.h4 f6 12.O-O-O Rf7 13.Bxg7 Kxg7 14.g4 Nf8 15.Rdg1 h6
16.g5 a5 17.gxh6+ Kh7 18.h5 g5 19.Rxg5 fxg5 20.Nxg5+ Kg8 21.Rg1 Qf6 22.Nxf7+ Kxf7
23.Rg7+ Ke6 24.f4 exf4 25.Ne2 f3 26.Nf4+ Kd6 27.Ng6 f2 28.e5+ Qxe5 29.Qxf2 Nxg6
30.hxg6 Be6 31.Rb7 Qg5+ 32.Kb1 Qxh6 33.Qg3+ Kd5 34.Qf3+ Ke5 35.Qg3+ Kf6 36.Qf3+ Kxg6
37.Qe4+ Kf6 38.Qf3+ Ke5 39.Qg3+ Qf4 40.Qg7+ Qf6 41.Qg3+ Kd5 42.c4+ Kd4 43.Qd6+ Ke3
44.Re7 Qf1+ 45.Kc2 Qe2+ 46.Kb3 Qxd3+ 47.Qxd3+ Kxd3 48.Rxe6 a4+ 49.Ka3 Kxc4
50.Re4+ Kd3 51.Rh4 b5 52.Rh3+ Kd4 53.Rh4+ Kd5 54.Rh5+ Kd6 55.Rh6+ Kc7 56.b3 axb3+
57.Kxb3 Kb6 58.a3 Rd8 59.Rh2 Rd3+ 60.Kb2 b4 61.a4 Ra3 62.Rh8 Rxa4 63.Rb8+ Kc7
64.Rh8 Ra3  0-1

[Event "Moscow (Women)"]
[Site "Moscow"]
[Date "1990.??.??"]
[Round "?"]
[White "Makarycheva Ostrovskaya, M."]
[Black "Demina, Julia"]
[Result "1/2-1/2"]
[WhiteElo "2150"]
[BlackElo "2310"]

1.e4 c5 2.Nf3 Nc6 3.Bb5 e6 4.O-O Nge7 5.Re1 a6 6.Bxc6 Nxc6 7.c3 d5 8.e5 Be7
9.d4 O-O 10.dxc5 Bxc5 11.Be3 Bxe3 12.Rxe3 f6 13.exf6 gxf6 14.Rd3 Qe7 15.Nh4 Rf7
16.Nd2 Rg7 17.Nb3 Ne5 18.Re3 Qd6 19.Rg3 Bd7 20.Qd4 Rf8 21.Rxg7+ Kxg7 22.Nc5 Bc8
23.Rd1 Qc7 24.f4 Ng6 25.Nxg6 hxg6 26.Re1 Kf7 27.Nd3  1/2-1/2

[Event "Moscow2"]
[Site "Moscow"]
[Date "1990.??.??"]
[Round "?"]
[White "Goetz, Ralph"]
[Black "Kiselev, Sergey"]
[Result "1/2-1/2"]
[WhiteElo "2315"]
[BlackElo "2450"]

1.e4 c5 2.Nf3 Nc6 3.Bb5 g6 4.O-O Bg7 5.c3 Nf6 6.Re1 O-O 7.d4 cxd4 8.cxd4 d5
9.e5 Ne4 10.Ng5 Nxg5 11.Bxg5 f6 12.exf6 exf6 13.Bf4 g5 14.Bxc6 bxc6 15.Bg3 Qb6
16.Qd2 Bf5 17.Nc3 Qb4 18.Re2 Rfe8 19.Rae1 Bg6 20.h4 h6 21.hxg5 hxg5 22.a3 Qc4
23.Bd6 Rxe2 24.Rxe2 Qd3 25.Qxd3 Bxd3 26.Re3 Bf5 27.Na4 g4 28.Rc3 Rc8  1/2-1/2

[Event "Moscow2"]
[Site "Moscow"]
[Date "1990.??.??"]
[Round "?"]
[White "Muhutdinov, Marat"]
[Black "Simon, Ralf Axel"]
[Result "1/2-1/2"]
[WhiteElo "2420"]
[BlackElo "2340"]

1.e4 c5 2.Nf3 Nc6 3.Bb5 d6 4.O-O Bd7 5.Re1 Nf6 6.c3 a6 7.Bf1 Bg4 8.d4 cxd4
9.cxd4 Bxf3 10.gxf3 g6 11.d5 Na7 12.Nc3 Bg7 13.f4 O-O 14.Be3 Nd7 15.Bd4 Bxd4
16.Qxd4 Qb6 17.Qxb6 Nxb6 18.Rac1 Rfc8 19.Bh3 Rc5 20.Ne2 Rxc1 21.Rxc1 Kf8
22.Rc7 Rb8 23.Nc3 Na8  1/2-1/2

[Event "Murcia op"]
[Site "Murcia"]
[Date "1990.??.??"]
[Round "?"]
[White "Georgiev, Kiril"]
[Black "Petursson, Margeir"]
[Result "1-0"]
[WhiteElo "2605"]
[BlackElo "2555"]

1.e4 c5 2.Nf3 Nc6 3.Bb5 d6 4.c3 Nf6 5.Qe2 e5 6.d4 cxd4 7.cxd4 a6 8.Bxc6+ bxc6
9.O-O Qc7 10.Nc3 Be7 11.Bg5 O-O 12.Rac1 Bg4 13.Bxf6 Bxf6 14.Nd5 Qb7 15.Nxf6+ gxf6
16.Rfd1 Rad8 17.h3 Bh5 18.Rd3 Qb5 19.Qd2 Rb8 20.b3 Bg6 21.dxe5 dxe5 22.Rc4 Qb6
23.Nh2 Rfd8 24.Ng4 Rxd3 25.Qxd3 c5 26.Qf3 Kg7 27.Qe3 h5 28.Qh6+ Kg8 29.Ne3 Rd8
30.Nd5 Qd6 31.Rxc5 Re8 32.Rc7  1-0

[Event "Novi Sad ol (Men)"]
[Site "Novi Sad"]
[Date "1990.??.??"]
[Round "2"]
[White "Djuric, Stefan"]
[Black "Charpentier, William"]
[Result "1-0"]
[WhiteElo "2515"]
[BlackElo "2300"]

1.e4 c5 2.Nf3 Nc6 3.Bb5 g6 4.O-O Bg7 5.c3 Nf6 6.Re1 a6 7.Bf1 O-O 8.h3 d5
9.e5 Ne8 10.d4 c4 11.b3 b5 12.a4 Bd7 13.Ba3 Nc7 14.Nbd2 Re8 15.g3 Na5 16.bxc4 bxc4
17.Ra2 Rb8 18.Bb4 Nc6 19.Ba3 h6 20.h4 Rb7 21.h5 g5 22.Nh2 Bf5 23.Ng4 Qd7
24.Ne3 Bh7 25.Kh2 Reb8 26.f4 Bf8 27.fxg5 hxg5 28.Bg2 e6 29.Qg4 Qd8 30.Bxf8 Kxf8
31.Ndxc4 dxc4 32.Bxc6 Rb2+ 33.Re2 R2b3 34.Be4 Bxe4 35.Qxe4 Rxc3 36.Rf2 Ke8
37.Qf3 Qxd4 38.Qxf7+ Kd8 39.Qg8+ Ne8 40.Qxg5+ Kd7 41.Rad2 Rd3 42.Nxc4 Rbb3
43.Nb2 Rxd2 44.Qxd2  1-0

[Event "Novi Sad ol (Men)"]
[Site "Novi Sad"]
[Date "1990.??.??"]
[Round "3"]
[White "Lhagva, Jambaldoo"]
[Black "Diaz, Joaquin C"]
[Result "1/2-1/2"]
[WhiteElo "2325"]
[BlackElo "2420"]

1.e4 c5 2.Nf3 Nc6 3.Bb5 g6 4.O-O Bg7 5.Re1 e5 6.c3 Nge7 7.d4 cxd4 8.cxd4 Nxd4
9.Nxd4 exd4 10.Bf4 a6 11.Bc4 d6 12.Qa4+ Bd7 13.Qa3 Be5 14.Qf3 O-O 15.Bh6 Bg7
16.Bxg7 Kxg7 17.Nd2 Be6 18.Qb3 Bxc4 19.Qxc4 Nc6 20.Nb3 Qf6 21.Rad1 Rfe8 22.Qd3 Rac8
23.Nxd4 Nxd4 24.Qxd4 Qxd4 25.Rxd4 Rc2 26.Rb4 a5 27.Rxb7 Rxe4 28.Kf1 Rd4 29.Rb3 Rdd2
30.Rf3 Kf8 31.g4 Rc4 32.h3 Rxb2 33.Re6 Rd4 34.Ref6 Rb7 35.Rc3 Kg7 36.Rff3 Rbb4
37.Kg2 Rf4 38.Rxf4 Rxf4 39.Ra3 a4 40.Rd3 Rb4 41.Rxd6 Rb2 42.Rd4 Rxa2 43.g5 h6
44.h4 hxg5 45.hxg5 Kf8 46.Re4 a3 47.Re3 Ra1 48.Kh2 Rf1 49.Rxa3 Rxf2+ 50.Kg3 Rd2
51.Re3 Rd6 52.Kf4 Re6 53.Ra3 Rd6 54.Re3 Rd7 55.Re1 Re7 56.Rxe7 Kxe7 57.Ke5 Ke8
58.Ke4 Kd8 59.Kd4 Kc8 60.Ke5 Kd8 61.Kd4 Kd7 62.Kd5 Kd8 63.Kd4  1/2-1/2

[Event "Novi Sad ol (Men)"]
[Site "Novi Sad"]
[Date "1990.??.??"]
[Round "3"]
[White "Van der Wiel, John TH"]
[Black "Corbin, Philip"]
[Result "1-0"]
[WhiteElo "2555"]
[BlackElo "2300"]

1.e4 c5 2.Nf3 Nc6 3.Bb5 g6 4.O-O Bg7 5.Re1 e5 6.Bxc6 dxc6 7.d3 Ne7 8.Nbd2 Qc7
9.a4 O-O 10.a5 Bg4 11.h3 Be6 12.b3 h6 13.Nc4 f5 14.Ba3 fxe4 15.Rxe4 Bd5 16.Bxc5 Rad8
17.Qe2 Bxe4 18.dxe4 g5 19.Bxa7 Rd7 20.Bb6 Qb8 21.Bc5 Rfd8 22.Nb6 Ng6 23.Nxd7 Rxd7
24.a6 bxa6 25.Qxa6 Qe8 26.Kh2 Qe6 27.Qc8+ Kh7 28.Ra7 Re7 29.Qxe6 Rxe6 30.b4 Kg8
31.c4 Nf4 32.Rd7 Bf6 33.b5 cxb5 34.cxb5 Re8 35.b6 Ne6 36.Bd6 Nd8 37.b7 Nc6
38.Rc7 Nb8 39.Rc8 Kf7 40.Rxb8 Rxb8 41.Bxb8  1-0

[Event "Novi Sad ol (Men)"]
[Site "Novi Sad"]
[Date "1990.??.??"]
[Round "3"]
[White "Galego, Luis"]
[Black "Espinoza Flores, Rafael"]
[Result "1-0"]
[WhiteElo "2360"]
[BlackElo "2415"]

1.e4 c5 2.Nf3 Nc6 3.Bb5 g6 4.O-O Bg7 5.c3 Nf6 6.Re1 O-O 7.d3 d6 8.Qe2 Bg4
9.Nbd2 Ne5 10.h3 Bd7 11.Bxd7 Nfxd7 12.Nxe5 Nxe5 13.f4 Nc6 14.Nf3 b5 15.Be3 Rb8
16.d4 cxd4 17.cxd4 d5 18.e5 Qd7 19.Rac1 Rfc8 20.Rc5 e6 21.Nh2 Nb4 22.Qd2 Rxc5
23.dxc5 a5 24.Nf3 Bf8 25.a3 Nc6 26.b4 axb4 27.axb4 Ra8 28.Nd4 Ra4 29.Nxc6 Qxc6
30.Bd4 Bh6 31.Ra1 Rxa1+ 32.Bxa1 Kf8 33.Bd4 Ke8 34.Qc1 Kd7 35.Qa3 Kc8 36.g3 g5
37.fxg5 Bxg5 38.h4 Bd2 39.Kf2 Kd7 40.Ke2 Bh6 41.Qf3 Ke8 42.Qh5 Bf8 43.Qxh7 Qa6
44.Qd3 Qa4 45.Qd2 Qb3 46.Kf2 Kd7 47.Kg2 Qb1 48.Kh2 Qe4 49.Qf4 Qc2+ 50.Qf2 Qg6
51.Qe2 Kc6 52.Qa2 Qd3 53.Qa6+ Kc7 54.Qb6+ Kc8 55.c6  1-0